Estética de lo virtual /

Tallennettuna:
Bibliografiset tiedot
Päätekijä: Diodato, Roberto (autor)
Aineistotyyppi: Kirja
Kieli:espanja
Julkaistu: México : Universidad Iberoamericana, Plantel Santa Fe, 2011, c2011
Aiheet:
Tagit: Lisää tagi
Ei tageja, Lisää ensimmäinen tagi!

MARC

LEADER 00000nam^a2200000^a^4500
001 000318389
005 20250521000000.0
009 20260310113411.019
020 |a 978-607-417-159-4 
037 |a Acervo ITESO - Biblioteca 
041 |a ESP 
082 |a 128. 6  |b DIO 
100 |a Diodato, Roberto  |e (autor) 
245 1 0 |a Estética de lo virtual /  |c R. Diodato ; tr. por Laura Moure Cecchini. 
264 4 |a México :  |b Universidad Iberoamericana, Plantel Santa Fe,  |c 2011, c2011 
300 |a 190 p. 
336 |a texto  |b txt  |2 rdacontenido 
337 |a sin mediación  |b n  |2 rdamedio 
338 |a volumen  |b nc  |2 rdasoporte 
500 |a Traducción de: Estetica del virtuale 
649 |a XX 
650 |a Cuerpo Humano y Tecnología -  |x Filosofía -  |x Tema Principal 
650 |a Cuerpo Humano y Tecnología -  |x Aspectos Sociales y Culturales -  |x Tema Principal 
650 |a Realidad Virtual -  |x Filosofía -  |x Tema Principal 
650 |a Realidad Virtual -  |x Aspectos Sociales y Culturales 
650 |a Tecnologías de Comunicación e Información -  |x Aspectos Sociales y Culturales 
650 |a Arte y Tecnologías de Comunicación e Información -  |x Tema Principal 
650 |a Identidad Personal 
650 |a Antropología Cultural 
650 |a Antropología Filosófica 
650 |a Ontología 
650 |a Estética 
650 |a Filosofía 
910 |a Fondo General 
920 |a Impresos - Libros 
930 |a Colección General 
905 |a 101 
901 |a 0500205477  |b IT1  |c ACC  |i D57396  |u 20250521 
902 |a https://opac.biblio.iteso.mx/vufind/Record/000318389